000 00641nam a2200181 a 4500
001 000040725
005 20201002034331.0
008 130905s2006 ve 000 0 spa d
020 _a9789803964900
040 _aDO-SdBNP
_bspa
_cBNPHU
100 1 _aBerroa, Rei
_9319
245 1 0 _aLibro de los fragmentos y otros poemas.
260 _aCaracas :
_bMinisterio de la Cultura
_bFundación Editorial el Perro y la Rana,
_c2006.
300 _a166 p. ;
_c22 cm.
490 1 _aPoesía del mundo
_acontemporáneos
504 _aIncluye referencias bibliográficas y notas al pie de las páginas
830 0 _aPoesía del mundo
_pcontemporáneos
_967123
999 _c40215
_d40215